| 000 | 00516nam a2200181Ia 4500 | ||
|---|---|---|---|
| 003 | GCL | ||
| 008 | 140319s9999 xx 000 0 eng d | ||
| 040 |
_aGCL / _cGCL |
||
| 082 | 0 | 4 |
_a361 _bN S |
| 100 | 1 | _aNATIONAL CONFERENCE ON SOCIAL WELFARE | |
| 245 | 1 | 0 |
_aTHE SOCIAL WELFARE FORUM, 1973 / _cNATIONAL CONFERENCE ON SOCIAL WELFARE |
| 260 |
_a[S.N] : _bCOLUMBIA UNIVERSITY PRASS ، _c1974 |
||
| 300 | _a335 P | ||
| 650 | 0 | 4 | _aPUBLIC WELFARE |
| 650 | 0 | 4 | _aSOCIAL WELFARE |
| 650 | 0 | 4 | _aCHARITIES |
| 942 |
_2ddc _cBK |
||
| 999 |
_c14887 _d14887 |
||